Puncture tapping of Hevea brasiliensis in comparison with conventional excision tapping- Sri Lankan experience (Record no. 66099)

MARC details
000 -LEADER
fixed length control field 00502nam a2200133Ia 4500
100 ## - MAIN ENTRY--AUTHOR NAME
Personal name Samaranayake C
245 #0 - TITLE STATEMENT
Title Puncture tapping of Hevea brasiliensis in comparison with conventional excision tapping- Sri Lankan experience
260 ## - PUBLICATION, DISTRIBUTION, ETC. (IMPRINT)
Name of publisher Proceedings of the International Rubber Conference, Kuala Lumpur, Malaysia, V.3. 1985; p456-468
650 ## - SUBJECT ADDED ENTRY--TOPICAL TERM
Topical Term Conventional excision tapping
650 ## - SUBJECT ADDED ENTRY--TOPICAL TERM
Topical Term Puncture tapping
650 ## - SUBJECT ADDED ENTRY--TOPICAL TERM
Topical Term Sri Lanka
942 ## - ADDED ENTRY ELEMENTS (KOHA)
Koha item type Journals
Holdings
Withdrawn status Lost status Damaged status Not for loan Home library Current library Shelving location Date acquired Koha item type
      Journals RRII Library RRII Library Physiology 17/12/2021 Journals